| 000 | 00505nam a2200181Ia 4500 | ||
|---|---|---|---|
| 005 | 20250508160508.0 | ||
| 008 | 008 250505s9999 xx 000 0 eng d | ||
| 037 | _aReference | ||
| 040 |
_aFEDL _beng _cFEDL |
||
| 041 |
_aeng _2eng |
||
| 084 |
_a370.58, WOR _qFEDL |
||
| 245 | 0 | _aExaminations | |
| 260 |
_aLondon, UK _bEvans Brothers Limited _c1969 |
||
| 300 | _axii,404p. | ||
| 490 | _aThe world year book of education 1969 | ||
| 942 |
_cREF _h370.58, WOR |
||
| 999 |
_c1364966 _d1364966 |
||